Tribal sub plan, 1990-91 (Record no. 509027)

000 -LEADER
fixed length control field 00346nam a22000977a 4500
082 ## - DEWEY DECIMAL CLASSIFICATION NUMBER
Classification number BA27x5453 K45t/1990-91
100 ## - MAIN ENTRY--PERSONAL NAME
Personal name Kerala. Directorate of Scheduled Tribes Development
9 (RLIN) 4599
245 ## - TITLE STATEMENT
Title Tribal sub plan, 1990-91
Statement of responsibility, etc by Directorate of Scheduled Tribes Development
260 ## - PUBLICATION, DISTRIBUTION, ETC. (IMPRINT)
Place of publication, distribution, etc Thiruvananthapuram
Name of publisher, distributor, etc Government of Kerala
Date of publication, distribution, etc 1990
300 ## - PHYSICAL DESCRIPTION
Extent 150p.

No items available.

Powered by Koha